Dictionary of criminology (Record no. 536)

MARC details
000 -LEADER
fixed length control field 00444nam a2200157Ia 4500
020 ## - INTERNATIONAL STANDARD BOOK NUMBER
ISBN 0-7100-9556-2
082 ## - DEWEY DECIMAL CLASSIFICATION NUMBER
Classification number RR 364.03 DIC;
245 #0 - TITLE STATEMENT
Title Dictionary of criminology
260 ## - PUBLICATION, DISTRIBUTION, ETC. (IMPRINT)
Place of publication London
Name of publisher Routledge & Kegan Paul
Year of publication 1983
300 ## - PHYSICAL DESCRIPTION
Number of Pages xi, 242p.
650 ## - SUBJECT ADDED ENTRY--TOPICAL TERM
Topical Term Criminology - Dictionaries - England
650 ## - SUBJECT ADDED ENTRY--TOPICAL TERM
Topical Term Criminal justice, Administration of - Dictionaries - England
700 ## - ADDED ENTRY--PERSONAL NAME
Personal name Walsh, Dermot
700 ## - ADDED ENTRY--PERSONAL NAME
Personal name Poole, Adrian
942 ## - ADDED ENTRY ELEMENTS (KOHA)
Koha item type Books
Holdings
Withdrawn status Lost status Damaged status Not for loan Home library Current library Date acquired Bill Date Full call number Accession Number Price effective from Koha item type
        NASSDOC Library NASSDOC Library 08/06/2004 2004-10-22 RR 364.03 DIC; 16919 18/04/2019 Books